000 00337nam a2200097Ia 4500
008 180130s9999 xx 000 0 und d
245 _cClark, Jill; Nash, Christine
_aTechnology in sports coaching
260 _c2015
300 _aBook title: Practical sports coaching--Acession number C20229; pages 259-276
650 _aCOACHING (ATHLETICS)
999 _c354576
_d354576